000 00698nam a2200253Ia 4500
003 OSt
005 20221005133539.0
006 a|||||r|||| 00| 0
007 ta
008 221004b |||||||| |||| 00| 0 hin d
024 _a113751
037 _cTextual
040 _aCRL
_cCRL
_bhin
041 _2hin
_ahin
082 _aX, 152K2
100 _aन्यूईस
245 0 _aआर्थिक विकास के सिद्धान्त
246 _aĀrthik vikās ke siddhānta
260 _c1962
300 _a578पृ0
_ccm.
650 _aअर्थशास्त्र
942 _hX, 152K2
_cTEXL
_2cc
999 _c1067172
_d1067172